ABC of Nutrition. (Record no. 4473)

MARC details
000 -LEADER
fixed length control field 00535nam a22002057a 4500
003 - CONTROL NUMBER IDENTIFIER
control field OSt
005 - DATE AND TIME OF LATEST TRANSACTION
control field 20160624191806.0
008 - FIXED-LENGTH DATA ELEMENTS--GENERAL INFORMATION
fixed length control field 160624b xxu||||| |||| 00| 0 eng d
020 ## - INTERNATIONAL STANDARD BOOK NUMBER
International Standard Book Number 0727916645
040 ## - CATALOGING SOURCE
Transcribing agency DNLM.
082 ## - DEWEY DECIMAL CLASSIFICATION NUMBER
Classification number QU145T776w 2003.
100 ## - MAIN ENTRY--PERSONAL NAME
Personal name Truswell,A.stewart;
9 (RLIN) 9607
245 ## - TITLE STATEMENT
Title ABC of Nutrition.
250 ## - EDITION STATEMENT
Edition statement 4th ed.
260 ## - PUBLICATION, DISTRIBUTION, ETC. (IMPRINT)
Place of publication, distribution, etc. London.
Name of publisher, distributor, etc. BMJ Publishing Group.
Date of publication, distribution, etc. 2003.
300 ## - PHYSICAL DESCRIPTION
Extent vii,140p;
Other physical details col,ill;
Dimensions 30cm.
504 ## - BIBLIOGRAPHY, ETC. NOTE
Bibliography, etc includes references and index.
650 ## - SUBJECT ADDED ENTRY--TOPICAL TERM
Topical term or geographic name as entry element Nutrition
9 (RLIN) 321
942 ## - ADDED ENTRY ELEMENTS (KOHA)
Source of classification or shelving scheme Other/Generic Classification Scheme
Koha item type Open Shelf
Holdings
Withdrawn status Lost status Source of classification or shelving scheme Damaged status Not for loan Home library Current library Date acquired Source of acquisition Inventory number Total Checkouts Full call number Barcode Date last seen Price effective from Koha item type
    Other/Generic Classification Scheme     MUST Main Library MUST Main Library 24/06/2016   06/27159   QU145T776w 2003. 2016-2714 24/06/2016 24/06/2016 Open Shelf
    Other/Generic Classification Scheme     MUST Main Library MUST Main Library 24/06/2016   06/27158   QU145T776w 2003. 2016-2715 24/06/2016 24/06/2016 Open Shelf
    Other/Generic Classification Scheme     MUST Main Library MUST Main Library 24/06/2016   06/27160   QU145T776w 2003. 2016-2716 24/06/2016 24/06/2016 Open Shelf